Analýza využívania geotermálnej energie pre skleníkové hospodárstvo v Hornej Potôni

Enregistré dans:
Détails bibliographiques
Auteur principal: Gažíková, Soňa (Auteur)
Autres auteurs: Takács, Ján (Directeur de thèse)
Format: Manuscrit Livre
Langue:slovaque
Publié: 2017
Sujets:
Accès en ligne:http://is.stuba.sk/zp/portal_zp.pl?podrobnosti=125407
https://opac.crzp.sk/?fn=detailBiblioForm&sid=877A1C170D2F97A1DD3BA02BFB25
Tags: Ajouter un tag
Pas de tags, Soyez le premier à ajouter un tag!

MARC

LEADER 00000ntm a22000003a 4500
001 stuzp62761
003 SK-STU
005 20230810134949.4
007 ta
008 150427s2015----xo-----f-mn---000-0-slo-d
040 |a STU  |b slo 
041 0 |a slo 
100 1 |a Gažíková, Soňa  |u 010290  |4 aut  |U SvF Stavebná fakulta  |T SvF Katedra technických zariadení budov  |X 7451  |U V290  |Y 31  |7 7451 
242 0 1 |a Analysis of the usability of geothermal energy for the greenhouse economy in Horná Potôň  |y eng 
245 1 0 |a Analýza využívania geotermálnej energie pre skleníkové hospodárstvo v Hornej Potôni 
260 |c 2017 
650 4 |a geotermálna energia  |2 slo 
650 4 |a sústava CZT  |2 slo 
650 4 |a energetická analýza  |2 slo 
650 4 |a skleníkové hospodárstvo  |2 slo 
650 4 |a greenhouse economy  |2 eng 
650 4 |a geothermal energy  |2 eng 
650 4 |a CHS system  |2 eng 
650 4 |a energetic analysis  |2 eng 
700 1 |a Takács, Ján  |u 010290  |k Z1  |4 ths  |U SvF Stavebná fakulta  |T SvF Katedra technických zariadení budov  |X 663  |U V290  |Y 31  |7 A000000663 
856 4 |u http://is.stuba.sk/zp/portal_zp.pl?podrobnosti=125407 
856 4 |u https://opac.crzp.sk/?fn=detailBiblioForm&sid=877A1C170D2F97A1DD3BA02BFB25